000
00290nam a2200133Ia 4500
005
20251222152558.0
008
251222s9999||||xx |||||||||||||| ||spa||
082
_a
813.4/W21
100
_a
Wallace, Lewis
245
0
_a
Ben-Hur
250
_a
5ta.ed.
264
_b
Cumbre S.A.
942
_c
LIB
999
_c
26502
_d
26502